| 000 | 02135nam a2200301Ia 4500 | ||
|---|---|---|---|
| 999 |
_c51495 _d51495 |
||
| 001 | 18481 | ||
| 003 | GE_BSU | ||
| 005 | 20250306180400.0 | ||
| 008 | 181216s2016||||ge |||||||||||||| ||geo|| | ||
| 020 | _a9789941243097 | ||
| 040 | _cGE_BSU | ||
| 041 | _ageo | ||
| 080 | _a27-36 წ-71 | ||
| 245 |
_aწმინდა კონსტანტინე დიდი და ელენე დედოფალი ; წმინდა კირილე და მეთოდე ; წმინდა თეოფანია დედოფალი / _cშემდგენელი სოფიო თავაძე ; გარეკანის დიზაინი რატი თორდია. |
||
| 264 |
_aთბილისი : _bპალიტრა L, _c2016. |
||
| 300 |
_a174 ვ. ; _c20 სმ. |
||
| 490 |
_aსაქართველოს იმედი II : ყველა წმინდანი, რომელთა შესახებაც უნდა იცოდე, 2298-0547 / პროექტის რედაქტორი თამარ მამაცაშვილი ; _vწ. 48 |
||
| 500 | _aიბეჭდება სრულიად საქართველოს კათოლიკოს-პატრიარქის, უწმინდესისა და უნეტარესის ილია II-ის ლოცვა-კურთხევით | ||
| 541 | _h | ||
| 653 | _aრელიგია | ||
| 653 | _aწმინდა კონსტანტინე დიდი და ელენე დედოფალი | ||
| 653 | _aწმინდა კირილე და მეთოდე | ||
| 653 | _aწმინდა თეოფანია დედოფალი | ||
| 700 |
_aთავაძე, სოფო _eშემდგენელი _922537 |
||
| 700 |
_aმამაცაშვილი, თამარ, . _eპროექტის რედაქტორი _924481 |
||
| 700 |
_aთორდია, რატი _eგარეკანის დიზაინერი _917902 |
||
| 942 |
_cBK _2udc |
||